| 000 | 00000nam##2200000za#4500 |
| 001 | 9.697939 |
| 003 | CaOODSP |
| 005 | 20210624235714 |
| 007 | cr ||||||||||| |
| 008 | 150407|2013||||xxc|||||o f|0| 0 eng|d |
| 020 | |a978-1-100-22328-5 |
| 040 | |aCaOODSP|beng |
| 043 | |an-cn--- |
| 086 | 1 |aM134-32/4-2013E-PDF |
| 110 | 1 |aCanada.|bNatural Resources Canada. |bOffice of Energy Efficiency. |
| 245 | 10|aCase study - St. Marys Cement's Bowmanville plant is the first to achieve ISO 50001 certification |h[electronic resource] |
| 260 | |aOttawa - Ontario : |bNatural Resources Canada. |cc2014. |
| 300 | |a4p. |
| 590 | |a15-06|b2015-02-06 |
| 690 | 07|aCertification|2gcpds |
| 690 | 07|aEnergy conservation|2gcpds |
| 775 | 08|tÉtude de cas - l'usine de Bowmanville de l'entreprise St. Marys Cement est la première à obtenir la certification ISO 50001 |w(CaOODSP)9.641932 |
| 856 | 40|ahttp://publications.gc.ca|qPDF|s845 KB|uhttps://publications.gc.ca/collections/collection_2015/rncan-nrcan/M134-32-4-2013-eng.pdf |